| 000 | 00684nam a2200229 a 4500 | ||
|---|---|---|---|
| 001 | 31160 | ||
| 003 | BD-RjUL | ||
| 005 | 20211209051651.0 | ||
| 008 | 140413s1965 ne 001 0 eng d | ||
| 035 | _a(BD-RjUL)31247 | ||
| 040 |
_aVLU _beng _cVLU _dBD-RjUL |
||
| 041 | _aeng | ||
| 082 | 0 | 0 |
_a198.9 _bGAA 1965 |
| 100 | 1 |
_aGarelick, Herbert M. _994765 |
|
| 245 | 1 | 4 |
_aThe anti-Christianity of Kierkegaard : _ba study of Concluding unscientific postscript / |
| 260 |
_aThe Hague : _bM. Nijhoff, _cc1965. |
||
| 300 |
_a73 p. ; _c23 cm. |
||
| 504 | _aIncludes index. | ||
| 600 | 1 | 0 |
_aKierkegaard, Soren, _d1813-1855. _994766 |
| 650 | 0 |
_aPhilosophy and religion. _92766 |
|
| 942 |
_2ddc _cBK |
||
| 999 |
_c31160 _d31160 |
||